Loading...
Changing environment of international relations /
| Main Author: | |
|---|---|
| Format: | Printed Book |
| Language: | English |
| Published: |
Brookings Institution,
1956.
|
| Series: | Brookings lectures, 1956
|
| LEADER | 00472nam a2200133Ia 4500 | ||
|---|---|---|---|
| 008 | 150624b xxu||||| |||| 00| 0 eng d | ||
| 082 | |a 327 | ||
| 100 | |a Kirk, Grayson | ||
| 245 | |a Changing environment of international relations / |c Grayson Kirk | ||
| 260 | |b Brookings Institution, |c 1956. | ||
| 490 | |a Brookings lectures, 1956 | ||
| 942 | |c BK | ||
| 999 | |c 3012 |d 3012 | ||
| 952 | |0 0 |1 0 |4 0 |6 327_000000000000000_KIR_C |7 0 |9 3011 |a UL |b UL |c ST2 |d 1998-08-28 |o 327 KIR/C |p 5589 |r 2012-10-27 |w 2012-10-27 |y BK | ||